02035nam2a2200229 4500001001100000005001700011035002600028100004100054101000800095102000700103105001800110200020700128210009100335215019200426300010000618327011800718461068600836464022201522801001801744801002201762852002101784rc\293906520260315055609.0 a(NLR Aleph) 007087965 a20110824d1935 u y0rusy50 ca0 arus aRU aa z |||||1 aНормирование работы врубовой бригады на врубовых машинах тяжелого типаfВсесоюз. науч.-исслед. угольный ин-т aХарьковaКиевcГос. науч.-техн. изд-во Украиныd1935 aОбл., 68 с., рис. [2], [1] вкл. л.cрис., номогр.eПапка (особое прил.), 6, [2] с. (отд. сбр.), 9 номограмм (в общей папке) aПредисл.: Всесоюз. науч.-исслед. угольного ин-та (с. 3-4)0 aДоб.: Девять номограмм с указанием к пользованию номограммами 01001rc\293906312001#$aМатериалы для технического нормирования горных работ каменноугольных рудников Донецкого бассейна$eТ. 1-$fОбъед. гос. каменноуг. промышленности "Уголь"$vВып. 5cХарьковd1934-1935fОбъед. гос. каменноуг. промышленности "Уголь"nГос. науч.-техн. изд-во УкраиныoТ. 1-tМатериалы для технического нормирования горных работ каменноугольных рудников Донецкого бассейнаvВып. 5 012001#$aДевять номограмм с указанием к пользованию номограммамиtДевять номограмм с указанием к пользованию номограммами 0aRUbNLRgpsbo 1aRUbELAR2rusmarc aNLRj35-19/23(5)